00230nam a2200097Ia 4500008004000000082001300040100001700053245002200070260003200092300000800124210210b1989 xxu||||| |||| 00| 0 eng d a954 KEAI aKEAY (John). aIndia discovered. aCollins.bRupa & Co.,c1989 a221